<?xml version="1.0" encoding="UTF-8"?><?xml-stylesheet type="text/xsl" href="static/style.xsl"?><OAI-PMH xmlns="http://www.openarchives.org/OAI/2.0/" xmlns:xsi="http://www.w3.org/2001/XMLSchema-instance" xsi:schemaLocation="http://www.openarchives.org/OAI/2.0/ http://www.openarchives.org/OAI/2.0/OAI-PMH.xsd"><responseDate>2026-04-17T10:26:48Z</responseDate><request verb="GetRecord" identifier="oai:riubu.ubu.es:10259/4218" metadataPrefix="marc">https://riubu.ubu.es/oai/request</request><GetRecord><record><header><identifier>oai:riubu.ubu.es:10259/4218</identifier><datestamp>2021-11-02T12:00:19Z</datestamp><setSpec>com_10259_4216</setSpec><setSpec>com_10259_3808</setSpec><setSpec>com_10259.4_106</setSpec><setSpec>com_10259_2604</setSpec><setSpec>col_10259_4217</setSpec></header><metadata><record xmlns="http://www.loc.gov/MARC21/slim" xmlns:doc="http://www.lyncode.com/xoai" xmlns:xsi="http://www.w3.org/2001/XMLSchema-instance" xmlns:dcterms="http://purl.org/dc/terms/" xsi:schemaLocation="http://www.loc.gov/MARC21/slim http://www.loc.gov/standards/marcxml/schema/MARC21slim.xsd">
<leader>00925njm 22002777a 4500</leader>
<datafield tag="042" ind1=" " ind2=" ">
<subfield code="a">dc</subfield>
</datafield>
<datafield tag="720" ind1=" " ind2=" ">
<subfield code="a">Vega Zamanillo, Ángel</subfield>
<subfield code="e">author</subfield>
</datafield>
<datafield tag="720" ind1=" " ind2=" ">
<subfield code="a">Calzada Pérez, Miguel A.</subfield>
<subfield code="e">author</subfield>
</datafield>
<datafield tag="720" ind1=" " ind2=" ">
<subfield code="a">Sánchez Alonso, Elsa</subfield>
<subfield code="e">author</subfield>
</datafield>
<datafield tag="720" ind1=" " ind2=" ">
<subfield code="a">Gonzalo Orden, Hernán</subfield>
<subfield code="e">author</subfield>
</datafield>
<datafield tag="260" ind1=" " ind2=" ">
<subfield code="c">2014-12</subfield>
</datafield>
<datafield tag="520" ind1=" " ind2=" ">
<subfield code="a">This study presents the results of different laboratory tests related to the density, adhesion (sensitivity to water test) and rigidity (resilient module) of bituminous mixtures, manufactured at three different temperatures (160 °C, 140 °C and 120 °C), with three additives: a surfactant made up of different amino substances, a paraffin obtained by the Fisher-Tropsch synthesis process which is totally soluble in bitumen, and a synthetic zeolite in powder form which causes the bitumen to micro-foam,. Test samples have been compacted by impact, according to the Marshall method, and kneading, according to gyratory machine. To evaluate these properties an asphalt concrete mixture has been chosen, with a binder, B-50/70, and a maximum size of aggregates of 16 mm, which is usually placed in the surface layer of the pavement. The densities obtained by the two compaction methods are easy to reach. Densities will decrease if the temperature of manufacturing is lower. All mixtures compacted by gyratory machine at different temperatures displayed very good behavior of water sensitivity; but not all mixtures compacted by impact achieved this. The additives improve the adhesion between aggregate and binder. The stiffness moduli decreased in all mixtures for both types of compaction when the temperature was higher, and this reduction is less pronounced in the mixes manufactured with the gyratory compactor. Mixtures with additives tend to reduce the module, except paraffin.</subfield>
</datafield>
<datafield tag="024" ind2=" " ind1="8">
<subfield code="a">1877-0428</subfield>
</datafield>
<datafield tag="024" ind2=" " ind1="8">
<subfield code="a">http://hdl.handle.net/10259/4218</subfield>
</datafield>
<datafield tag="024" ind2=" " ind1="8">
<subfield code="a">10.1016/j.sbspro.2014.12.144</subfield>
</datafield>
<datafield ind1=" " ind2=" " tag="653">
<subfield code="a">Warm mix asphalts</subfield>
</datafield>
<datafield ind1=" " ind2=" " tag="653">
<subfield code="a">Additives</subfield>
</datafield>
<datafield ind1=" " ind2=" " tag="653">
<subfield code="a">Gyratory compactor</subfield>
</datafield>
<datafield ind1=" " ind2=" " tag="653">
<subfield code="a">Stiffness modulus</subfield>
</datafield>
<datafield ind1=" " ind2=" " tag="653">
<subfield code="a">Temperature</subfield>
</datafield>
<datafield tag="245" ind1="0" ind2="0">
<subfield code="a">Density, adhesion and stiffness of warm mix asphalts</subfield>
</datafield>
</record></metadata></record></GetRecord></OAI-PMH>